Centroamérica: evolución económica durante 1992 (evaluacín preliminar) /
El documento trata el tema de la economía y como esta va evolucionando en una recuperación productiva en Centroamérica, esto gracias a los avances en el tema de las tensiones sociopolíticas, nacionales y regionales, además de una cuidadosa gestión macroeconómica, que permitió fortalecer los vínculos...
Đã lưu trong:
| Tác giả của công ty: | |
|---|---|
| Định dạng: | Texto |
| Ngôn ngữ: | Spanish |
| Được phát hành: |
San José:
FLACSO
1992
|
| Những chủ đề: | |
| Các nhãn: |
Thêm thẻ
Không có thẻ, Là người đầu tiên thẻ bản ghi này!
|
MARC
| LEADER | 00000 a a2200000 04500 | ||
|---|---|---|---|
| 001 | 36244 | ||
| 003 | cru CIDCACS/IIS | ||
| 005 | 20230707094940.0 | ||
| 008 | 230424e1992 mx ||||| |||| 00| 0 spa d | ||
| 040 | |a CRAI/IIS |c CRAI/IIS | ||
| 090 | |a 02.01.01 C733c | ||
| 110 | |a Comisión Económica para América Latina y el Caribe | ||
| 245 | |a Centroamérica: evolución económica durante 1992 (evaluacín preliminar) / |c Comisión Económica para América Latina y el Caribe | ||
| 260 | |a San José: |b FLACSO |c 1992 | ||
| 300 | |a 52 p. | ||
| 520 | |a El documento trata el tema de la economía y como esta va evolucionando en una recuperación productiva en Centroamérica, esto gracias a los avances en el tema de las tensiones sociopolíticas, nacionales y regionales, además de una cuidadosa gestión macroeconómica, que permitió fortalecer los vínculos entre los gobiernos centroamericanos. | ||
| 650 | |a ECONOMIA | ||
| 650 | |a EMPLEO | ||
| 650 | |a REFORMA ECONOMICA | ||
| 650 | |a AMERICA CENTRAL | ||
| 942 | |2 ddc |c LI |h 02.01.01 C733c |i 02058 |6 020101_C733C_02058 | ||
| 999 | |c 13241 |d 13241 | ||
